Cơ sở lí thuyết phương trình vi phân
Trình bày những khái niệm cơ bản của lí thuyết phương trình vi phân như: Phương trình vi phân cấp một, phương trình vi phân tuyến tính, lí thuyết định tính, lí thuyết rẽ nhánh địa phương kèm theo bài tập cuối mỗi chương...
Guardat en:
| Autor principal: | |
|---|---|
| Format: | Llibre |
| Idioma: | Undetermined |
| Publicat: |
H.
Đại học Sư phạm
2015
|
| Matèries: | |
| Accés en línia: | http://lrc.tdmu.edu.vn/opac/search/detail.asp?aID=2&ID=25439 |
| Etiquetes: |
Afegir etiqueta
Sense etiquetes, Sigues el primer a etiquetar aquest registre!
|
| Thư viện lưu trữ: | Trung tâm Học liệu Trường Đại học Thủ Dầu Một |
|---|
| LEADER | 01015nam a2200205Ia 4500 | ||
|---|---|---|---|
| 001 | TDMU_25439 | ||
| 008 | 210410s9999 xx 000 0 und d | ||
| 082 | |a 515.35 | ||
| 090 | |b C513 | ||
| 100 | |a Cung, Thế Anh | ||
| 245 | 0 | |a Cơ sở lí thuyết phương trình vi phân | |
| 245 | 0 | |c Cung Thế Anh | |
| 260 | |a H. | ||
| 260 | |b Đại học Sư phạm | ||
| 260 | |c 2015 | ||
| 300 | |a 237tr. | ||
| 520 | |a Trình bày những khái niệm cơ bản của lí thuyết phương trình vi phân như: Phương trình vi phân cấp một, phương trình vi phân tuyến tính, lí thuyết định tính, lí thuyết rẽ nhánh địa phương kèm theo bài tập cuối mỗi chương | ||
| 650 | |a Phương trình vi phân |x Lí thuyết; Giải tích |x Phương trình vi phân | ||
| 856 | |u http://lrc.tdmu.edu.vn/opac/search/detail.asp?aID=2&ID=25439 | ||
| 980 | |a Trung tâm Học liệu Trường Đại học Thủ Dầu Một | ||